Enzyklopadie der elementarmathematik
Αποθηκεύτηκε σε:
| Κύριος συγγραφέας: | |
|---|---|
| Μορφή: | Βιβλίο |
| Γλώσσα: | German |
| Δημοσίευση: |
Berlin :
VEB Deutscher Verlag der Wissenschaften,
1972
|
| Σειρά: | Hochschulbucher fur Mathematik ;
8 |
| Θέματα: | |
| Ετικέτες: |
Προσθήκη ετικέτας
Δεν υπάρχουν, Καταχωρήστε ετικέτα πρώτοι!
|
MARC
| LEADER | 00000cam a2200000 a 4500 | ||
|---|---|---|---|
| 001 | 1/108030 | ||
| 008 | 150820s1972####gw | ||| |||| ||ger|| | ||
| 040 | |a GR-MyUa |b gre |c GR-MyUa |e AACR2 | ||
| 041 | 0 | |a ger | |
| 082 | 7 | |a 510 |2 (23) | |
| 100 | 1 | |a Aleksandrov, P. S. |q (Pavel Sergeevich), |d 1896-1982. | |
| 245 | 1 | 0 | |a Enzyklopadie der elementarmathematik / |c redaktion : P. S. Alexandroff, A. I. Markuschewitsch, A. J. Chintschin. |
| 260 | |a Berlin : |b VEB Deutscher Verlag der Wissenschaften, |c 1972 | ||
| 300 | |a ix, 405 σ. : |c 24 εκ. | ||
| 490 | 1 | |a (Hochschulbucher fur Mathematik) |v ; 8 | |
| 505 | 8 | |a τ.2. Algebra. | |
| 650 | 0 | |a Mathematics. | |
| 650 | 0 | |a Algebra. | |
| 740 | 0 | |a Algebra | |
| 830 | 0 | |a Hochschulbucher fur Mathematik ; |v 8 | |
| 852 | |a INST |b SAMOS |c MAG |e 20150820 |h 510 ALE |p 005300035318 |q 005300035318 |t BK |y 0 | ||
| 970 | |a Σιτζίμη |b Γιασεμή |z 20/08/2015 | ||